Ethics : (Record no. 10470)
[ view plain ]
| 000 -LEADER | |
|---|---|
| fixed length control field | 00610cam a22002052 4500 |
| 001 - CONTROL NUMBER | |
| control field | 0000000112 |
| 005 - DATE AND TIME OF LATEST TRANSACTION | |
| control field | 20151217154324.0 |
| 008 - FIXED-LENGTH DATA ELEMENTS--GENERAL INFORMATION | |
| fixed length control field | 070110s xx 000 0 eng d |
| 020 ## - INTERNATIONAL STANDARD BOOK NUMBER | |
| Terms of availability | KES 200 |
| 040 ## - CATALOGING SOURCE | |
| Original cataloging agency | KABU |
| Transcribing agency | KABU |
| 100 1# - MAIN ENTRY--PERSONAL NAME | |
| Personal name | Oruka, H. Odera. |
| -- | 0000148123 |
| 245 10 - TITLE STATEMENT | |
| Title | Ethics : |
| Remainder of title | a basic course for undergraduate studies / |
| Statement of responsibility, etc. | H. Odera Oruka. |
| 260 ## - PUBLICATION, DISTRIBUTION, ETC. (IMPRINT) | |
| Place of publication, distribution, etc. | Nairobi : |
| Name of publisher, distributor, etc. | Nairobi University Press, |
| Date of publication, distribution, etc. | 1990. |
| 300 ## - PHYSICAL DESCRIPTION | |
| Extent | 148 p. |
| 650 #0 - SUBJECT ADDED ENTRY--TOPICAL TERM | |
| Topical term or geographic name as entry element | Ethics. |
| -- | 0000148122 |
| 650 #0 - SUBJECT ADDED ENTRY--TOPICAL TERM | |
| Topical term or geographic name as entry element | Social ethics. |
| -- | 0000148124 |
| 908 ## - PUT COMMAND PARAMETER (RLIN) | |
| Put command parameter | 070110 |
| 950 ## - LOCAL HOLDINGS (RLIN) | |
| -- | 1 |
| Withdrawn status | Lost status | Source of classification or shelving scheme | Not for loan | Home library | Current library | Date acquired | Total Checkouts | Full call number | Barcode | Date last seen | Date last checked out | Price effective from | Koha item type |
|---|---|---|---|---|---|---|---|---|---|---|---|---|---|
| Library of Congress Classification | Kabarak, Main Campus | Kabarak, Main Campus | 17/12/2015 | 1 | BJ1012 .O78 1990 | 000154 | 02/08/2024 | 01/02/2019 | 17/12/2015 | General Collection |